000 00213 a2200097 4500
001 45306
100 _aCaidin M
245 _aWorlds in space
260 _aLondon
_bSidgwick and Jackson
_c
090 _c28485
_d28485
942 _aNUST-CAE
_cM
_c20541
999 _c280379
_d280379